Embedded system design : (Record no. 17950)
[ view plain ]
| 000 -LEADER | |
|---|---|
| fixed length control field | 00862 am a2200265ua 4500 |
| 001 - CONTROL NUMBER | |
| control field | 008067499 |
| 005 - DATE AND TIME OF LATEST TRANSACTION | |
| control field | 20140122141236.0 |
| 008 - FIXED-LENGTH DATA ELEMENTS--GENERAL INFORMATION | |
| fixed length control field | 011231t2002 xxua frb 001 0 eng d |
| 020 ## - INTERNATIONAL STANDARD BOOK NUMBER | |
| International Standard Book Number | 0471386782 |
| 020 ## - INTERNATIONAL STANDARD BOOK NUMBER | |
| International Standard Book Number | 9780471386780 |
| 040 ## - CATALOGING SOURCE | |
| Original cataloging agency | DLC |
| Transcribing agency | DLC |
| Modifying agency | Uk |
| 082 04 - DEWEY DECIMAL CLASSIFICATION NUMBER | |
| Classification number | 005.256 |
| Edition number | 22 |
| Item number | VAH |
| 100 1# - MAIN ENTRY--PERSONAL NAME | |
| Personal name | Vahid, Frank |
| 9 (RLIN) | 34514 |
| 245 10 - TITLE STATEMENT | |
| Title | Embedded system design : |
| Remainder of title | a unified hardware / software introduction / |
| Statement of responsibility, etc | Frank Vahid, Tony Givargis. |
| 260 ## - PUBLICATION, DISTRIBUTION, ETC. (IMPRINT) | |
| Place of publication, distribution, etc | Hoboken, United States : |
| Name of publisher, distributor, etc | John Wiley & Sons, Inc., |
| Date of publication, distribution, etc | c.2002. |
| 300 ## - PHYSICAL DESCRIPTION | |
| Extent | xxi, 324 p. : |
| Other physical details | ill. ; |
| Dimensions | 24 cm. |
| 500 ## - GENERAL NOTE | |
| General note | Index : p. 319-324. |
| 500 ## - GENERAL NOTE | |
| General note | Includes appendix. |
| 504 ## - BIBLIOGRAPHY, ETC. NOTE | |
| Bibliography, etc | Includes bibliographical references. |
| 650 #0 - SUBJECT ADDED ENTRY--TOPICAL TERM | |
| Topical term or geographic name as entry element | Embedded computer systems |
| 9 (RLIN) | 23377 |
| 653 ## - INDEX TERM--UNCONTROLLED | |
| Resource For college | |
| Arrived date list | January2014 |
| 655 ## - INDEX TERM--GENRE/FORM | |
| Form subdivision | |
| -- | 33728 |
| 700 1# - ADDED ENTRY--PERSONAL NAME | |
| Personal name | Givargis, Tony |
| 9 (RLIN) | 34902 |
| 942 ## - ADDED ENTRY ELEMENTS (KOHA) | |
| Source of classification or shelving scheme | Dewey Decimal Classification |
| Call number prefix | 005.256 VAH |
| Withdrawn status | Item status | Source of classification or shelving scheme | Damaged status | Not for loan | Vendor | Home library | Current library | Shelving location | Date acquired | Source of acquisition | Total Checkouts | Full call number | Barcode | Date last seen | Koha item type | Total Renewals | Date last borrowed |
|---|---|---|---|---|---|---|---|---|---|---|---|---|---|---|---|---|---|
| Dewey Decimal Classification | Baccah | Central Library | Central Library | Lower Floor | 22/01/2014 | Purchase | 005.256 VAH | 000035404 | 15/07/2025 | NB - Book (Non borrowing) | |||||||
| Dewey Decimal Classification | Baccah | Central Library | Central Library | Lower Floor | 22/01/2014 | 5 | 005.256 VAH | 000035405 | 15/07/2025 | Book - Borrowing | 25 | 27/02/2020 | |||||
| Dewey Decimal Classification | Baccah | Central Library | Central Library | Lower Floor | 22/01/2014 | Purchase | 3 | 005.256 VAH | 000035406 | 15/07/2025 | Book - Borrowing | 16 | 10/01/2018 | ||||
| Dewey Decimal Classification | Baccah | Central Library | Central Library | Lower Floor | 22/01/2014 | 7 | 005.256 VAH | 000035407 | 15/07/2025 | Book - Borrowing | 49 | 03/06/2021 |